[Event "ISR-chT"]
[Site "Israel"]
[Date "2007.04.28"]
[Round "10.3"]
[White "Finkel, Alexander"]
[Black "Lerner, Konstantin Z"]
[Result "1/2-1/2"]
[WhiteElo "2465"]
[BlackElo "2524"]
[PlyCount "87"]
[EventDate "2007.01.11"]
[EventType "team"]
[EventRounds "11"]
[EventCountry "ISR"]
[SourceTitle "EXT 2009"]
[Source "ChessBase"]
[SourceDate "2008.11.26"]
[SourceVersion "1"]
[SourceVersionDate "2008.11.26"]
[SourceQuality "1"]
[WhiteTeam "Tel Aviv Shlomo Har Zvi"]
[BlackTeam "Kefar Sava Hapoel"]
[WhiteTeamCountry "ISR"]
[BlackTeamCountry "ISR"]

1. e4 c5 2. Nf3 e6 3. c3 d5 4. exd5 Qxd5 5. d4 Nf6 6. Be3 cxd4 7. cxd4 Bb4+ 8. Nc3 0-0 9. Be2 Nc6 10. 0-0 Qd6 11. Qd3 Bd7 12. Ng5 Bxc3 13. bxc3 Ne7 14. Ne4 Nxe4 15. Qxe4 Bc6 16. Qg4 Ng6 17. Rfe1 Rac8 18. h4 f5 19. Qh3 Bd5 20. h5 Nf4 21. Bxf4 Qxf4 22. Bb5 Qd2 23. c4 Bxc4 24. Bxc4 Rxc4 25. Qb3 Qxd4 26. Rad1 Qc3 27. Qxb7 Rc7 28. Qa6 Qc6 29. Rxe6 Qxa6 30. Rxa6 f4 31. Rd3 Rf5 32. h6 gxh6 33. Rda3 Rh5 34. Rh3 Rg5 35. Ra4 Rcg7 36. Rxf4 Rxg2+ 37. Kf1 R2g6 38. Rc3 Rb7 39. Ra4 Rb1+ 40. Ke2 Rb2+ 41. Kf3 Rf6+ 42. Kg3 Rg6+ 43. Kf3 Rf6+ 44. Kg3 1/2-1/2

[Event "ISR-chT"]
[Site "Israel"]
[Date "2007.04.20"]
[Round "7.3"]
[White "Vydeslaver, Alik"]
[Black "Finkel, Alexander"]
[Result "1/2-1/2"]
[WhiteElo "2410"]
[BlackElo "2465"]
[PlyCount "26"]
[EventDate "2007.01.11"]
[EventType "team"]
[EventRounds "11"]
[EventCountry "ISR"]
[SourceTitle "EXT 2009"]
[Source "ChessBase"]
[SourceDate "2008.11.26"]
[SourceVersion "1"]
[SourceVersionDate "2008.11.26"]
[SourceQuality "1"]
[WhiteTeam "Beer Sheva II"]
[BlackTeam "Tel Aviv Shlomo Har Zvi"]
[WhiteTeamCountry "ISR"]
[BlackTeamCountry "ISR"]

1. e4 e6 2. d4 d5 3. Nd2 dxe4 4. Nxe4 Nd7 5. Nf3 Ngf6 6. Nxf6+ Nxf6 7. Bg5 h6 8. Bh4 c5 9. dxc5 Qxd1+ 10. Rxd1 Bxc5 11. Ne5 Ke7 12. Be2 g5 13. Bg3 Ne4 1/2-1/2

[Event "ISR-chT"]
[Site "Israel"]
[Date "2007.02.03"]
[Round "4.3"]
[White "Finkel, Alexander"]
[Black "Kaplan, Sasha"]
[Result "0-1"]
[WhiteElo "2465"]
[BlackElo "2429"]
[PlyCount "88"]
[EventDate "2007.01.11"]
[EventType "team"]
[EventRounds "11"]
[EventCountry "ISR"]
[SourceTitle "EXT 2009"]
[Source "ChessBase"]
[SourceDate "2008.11.26"]
[SourceVersion "1"]
[SourceVersionDate "2008.11.26"]
[SourceQuality "1"]
[WhiteTeam "Tel Aviv Shlomo Har Zvi"]
[BlackTeam "Holon Hapoel"]
[WhiteTeamCountry "ISR"]
[BlackTeamCountry "ISR"]

1. e4 e5 2. Nc3 Nf6 3. g3 d5 4. exd5 Nxd5 5. Bg2 Nxc3 6. bxc3 Bd6 7. Nf3 0-0 8. 0-0 Bg4 9. h3 Bh5 10. d3 Nc6 11. Rb1 Rb8 12. Qe1 f5 13. Nd2 Qd7 14. Nc4 f4 15. g4 Bf7 16. Qe4 Kh8 17. a4 Bxc4 18. dxc4 Na5 19. Rd1 Qxa4 20. Bf1 b6 21. Rb5 Rbe8 22. Bb2 a6 23. Rbd5 Nb7 24. Ra1 Qd7 25. Ba3 Qe6 26. Rdd1 Rb8 27. c5 Bxc5 28. Bb2 Nd6 29. Qd5 Qxd5 30. Rxd5 e4 31. c4 e3 32. Bd4 Bxd4 33. Rxd4 a5 34. c5 bxc5 35. Rda4 Rbe8 36. fxe3 fxe3 37. Re1 Rf2 38. Bd3 Rd2 39. Rxa5 c4 40. Bf5 g6 41. Bd7 Re7 42. Ba4 e2 43. Ra8+ Kg7 44. Rb8 Rd1 0-1

[Event "ISR-chT"]
[Site "Israel"]
[Date "2005.05.14"]
[Round "11"]
[White "Finkel, Alexander"]
[Black "Kudischewitsch, David"]
[Result "1-0"]
[WhiteElo "2462"]
[BlackElo "2385"]
[PlyCount "91"]
[EventDate "2005.01.08"]
[EventType "team"]
[EventRounds "11"]
[EventCountry "ISR"]
[SourceTitle "CBM 107"]
[Source "ChessBase"]
[SourceDate "2005.08.01"]
[SourceVersion "1"]
[SourceVersionDate "2005.08.01"]
[SourceQuality "1"]

1. d4 d5 2. c4 c5 3. e3 cxd4 4. exd4 Nf6 5. Nc3 g6 6. cxd5 Bg7 7. Bb5+ Nbd7 8. d6 0-0 9. dxe7 Qxe7+ 10. Nge2 a6 11. Bxd7 Bxd7 12. 0-0 b5 13. Re1 Bc6 14. Nf4 Qd6 15. Be3 Rfd8 16. a3 Rac8 17. h3 Ne4 18. Rc1 Qb8 19. Nxe4 Bxe4 20. Qd2 Qd6 21. Ne2 Bb7 22. Rxc8 Rxc8 23. Rc1 Re8 24. Nc3 Qc6 25. d5 Qc4 26. d6 Rd8 27. f3 f5 28. b4 Be5 29. Ne4 Qf7 30. Rc5 Bg7 31. Ng5 Qb3 32. Kf2 Bf8 33. Rc3 Qd5 34. Rd3 Qc4 35. d7 Be7 36. Rd4 Qb3 37. Bf4 h6 38. Rd3 Qc4 39. Rc3 Qd5 40. Qxd5+ Bxd5 41. Rc8 hxg5 42. Bc7 Kf7 43. Bxd8 Bxd8 44. Rxd8 Ke7 45. Rf8 Kxd7 46. Rf6 1-0

[Event "ISR-chT"]
[Site "Israel"]
[Date "2005.04.15"]
[Round "6"]
[White "Kaplan, Sasha"]
[Black "Finkel, Alexander"]
[Result "1/2-1/2"]
[WhiteElo "2350"]
[BlackElo "2458"]
[PlyCount "102"]
[EventDate "2005.01.08"]
[EventType "team"]
[EventRounds "11"]
[EventCountry "ISR"]
[SourceTitle "CBM 107"]
[Source "ChessBase"]
[SourceDate "2005.08.01"]
[SourceVersion "1"]
[SourceVersionDate "2005.08.01"]
[SourceQuality "1"]

1. e4 g6 2. d4 Bg7 3. Nc3 c6 4. f4 d5 5. e5 Nh6 6. Nf3 f6 7. Be3 Bg4 8. Be2 Nf5 9. Bf2 0-0 10. Qd2 Nd7 11. 0-0 Bxf3 12. Bxf3 fxe5 13. dxe5 Bh6 14. Bxd5+ cxd5 15. Qxd5+ Kh8 16. Rad1 Nb6 17. Qxb7 Qc8 18. Qxc8 Raxc8 19. g4 Nc4 20. gxf5 Nxb2 21. Rb1 Nc4 22. Nd5 Nd2 23. Nxe7 Rc4 24. f6 Bxf4 25. Bg3 Bxg3 26. hxg3 Nxb1 27. Rxb1 Rxc2 28. a4 Re2 29. Nc6 g5 30. Kf1 Ra2 31. a5 h5 32. Re1 Kh7 33. Kg1 Kg6 34. Ne7+ Kf7 35. Nd5 Ke6 36. Nc7+ Kf5 37. e6 Kxf6 38. e7 Rc8 39. a6 Kf5 40. e8Q Rxe8 41. Rxe8 Kg4 42. Re3 h4 43. gxh4 gxh4 44. Re6 h3 45. Rg6+ Kh4 46. Nd5 Ra1+ 47. Kh2 Ra2+ 48. Kg1 Ra1+ 49. Kf2 h2 50. Rh6+ Kg5 51. Rxh2 Rxa6 1/2-1/2